HYPNOTISM AND MESMERISM (Record no. 1359604)

MARC details
000 -LEADER
fixed length control field 00687nam a2200289Ia 4500
008 - FIXED-LENGTH DATA ELEMENTS--GENERAL INFORMATION
fixed length control field 160321s9999||||xx |||||||||||||| ||und||
040 ## - CATALOGING SOURCE
Transcribing agency English
082 ## - DEWEY DECIMAL CLASSIFICATION NUMBER
Classification number XI.C Besant
082 ## - DEWEY DECIMAL CLASSIFICATION NUMBER
Item number BORI-24353
100 ## - MAIN ENTRY--PERSONAL NAME
Personal name Annie Basant
245 ## - TITLE STATEMENT
Title HYPNOTISM AND MESMERISM
260 ## - PUBLICATION, DISTRIBUTION, ETC. (IMPRINT)
Place of publication, distribution, etc Madras
260 ## - PUBLICATION, DISTRIBUTION, ETC. (IMPRINT)
Name of publisher, distributor, etc The Theosophical Publishing House
260 ## - PUBLICATION, DISTRIBUTION, ETC. (IMPRINT)
Date of publication, distribution, etc 1948
300 ## - PHYSICAL DESCRIPTION
Extent 65
300 ## - PHYSICAL DESCRIPTION
Dimensions A
300 ## - PHYSICAL DESCRIPTION
Accompanying material Paperbook
530 ## - ADDITIONAL PHYSICAL FORM AVAILABLE NOTE
Uniform Resource Identifier <a href="00004229.pdf">00004229.pdf</a>
563 ## - BINDING INFORMATION
Binding note Study
600 ## - SUBJECT ADDED ENTRY--PERSONAL NAME
Personal name Annie Basant
630 ## - SUBJECT ADDED ENTRY--UNIFORM TITLE
Uniform title HYPNOTISM AND MESMERISM
650 ## - SUBJECT ADDED ENTRY--TOPICAL TERM
Topical term or geographic name as entry element General Indology
650 ## - SUBJECT ADDED ENTRY--TOPICAL TERM
Topical term or geographic name as entry element Philosophy
700 ## - ADDED ENTRY--PERSONAL NAME
Personal name Annie Basant
730 ## - ADDED ENTRY--UNIFORM TITLE
Uniform title HYPNOTISM AND MESMERISM
942 ## - ADDED ENTRY ELEMENTS (KOHA)
Koha item type Book

No items available.